[Event "EU-chT 22nd"]
[Site "Batumi"]
[Date "2019.10.25"]
[Round "2.5"]
[White "Papaioannou, Ioannis"]
[Black "Giri, Anish"]
[Result "0-1"]
[WhiteElo "2645"]
[BlackElo "2780"]
[Annotator "Giri,A"]
[PlyCount "82"]
[EventDate "2019.10.24"]
[EventType "team-swiss"]
[EventRounds "9"]
[EventCountry "GEO"]
[SourceTitle "CBM 193"]
[Source "ChessBase"]
[SourceDate "2019.12.31"]
[SourceVersion "1"]
[SourceVersionDate "2019.12.31"]
[SourceQuality "1"]
[WhiteTeam "Greece"]
[BlackTeam "Netherlands"]
[WhiteTeamCountry "GRE"]
[BlackTeamCountry "NED"]
[WhiteClock "0:30:23"]
[BlackClock "0:29:53"]

{[%evp 0,82,19,31,14,30,50,44,37,14,22,22,45,48,42,15,13,28,21,17,4,-12,-11,
-10,-8,-6,-8,-2,14,11,23,-16,-9,-10,41,56,58,41,39,38,54,47,63,52,49,43,30,0,
-2,-29,43,-2,-39,-11,-31,-29,-29,-23,0,0,-7,0,-7,0,-8,-41,-62,-81,-81,-131,-66,
-85,-39,-88,-122,-164,-109,-221,-70,-183,-316,-328,-328,-328,-269]} 1. d4 Nf6
2. Nf3 g6 3. Bf4 {Papaioannou usually employed 3.Bg5 here, so while this came
as a surprise, in some way it didn't.} Bg7 4. Nbd2 O-O (4... c5 {appears more
principled, but I was sort of ready for some Pirc-like setup.}) 5. c3 d6 6. e4
{Getting e2-e4 like this looks like an achievement.} Nbd7 7. Be2 b6 $5 {
I was getting a little bit creative and the double fianchetto in fact seems
very decent here.} 8. O-O Bb7 9. Qc2 (9. Bd3 $5 {is an alternative.} e5 10. Bg5
) 9... e5 $1 {I forced myself to calculate a little bit, as I didn't want to
end up in a bad position after another lazy move.} 10. Bg5 $5 {Going for a
full fledged battle.} ({I expected} 10. dxe5 dxe5 11. Nxe5 Nxe5 12. Bxe5 Nxe4
$1 {where the position is about to get almost entirely sterilized, but
actually Black is an inch better, so I didn't mind this too much.}) 10... h6
11. Bh4 Qe8 {I didn't like g5, so this seemed normal.} 12. Rfe1 Nh5 13. Rad1
Kh8 {Black is playing for f5, which is rather double edged. I wasn't entirely
confident at this point in the potentially arising complications, but the fact
that we got this rich position was something I knew I should be happy with.}
14. dxe5 dxe5 15. Nc4 Nc5 16. Nfd2 Bf6 $6 {This move, although it always looks
cool to me, is usually bad, but in this version, when white retreated with the
f3 knight I thought it would actually be alright. I didn't mind to clarify the
position a little bit, in view of the arising time trouble.} (16... Nf4 17. Bf1
a5 18. f3 Ba6 {is balanced.}) 17. Bxf6+ Nxf6 18. f3 Kg7 19. b4 Ncd7 20. Nb3 {
First step in the wrong direction, with pawn on b6 I didn't quite see what the
knight would be doing here.} (20. Nf1 {is a better square for the knight, I
felt.}) 20... h5 $5 {Too typical not to play.} 21. Qd2 h4 22. Qg5 $2 {The
queen has no business here, probably White overlooked something simple here.} (
22. Ne3 {was much more sensible, with some ideas of c4, Nd5 perhaps. Frankly I
liked my position anyway, but it seems White is fully in control here,
objectively speaking.}) 22... Rh8 23. Rd2 {The queen really should return
sooner than later.} (23. Ne3 $2 {is met with} Rh5 $1) 23... Qe6 24. Red1 $2 {
This is a tactical oversight. White misplaced his pieces already quite a bit,
but nothing too dramatic happened just yet and with precise play it was still
possible to try and maintain the balance.} b5 $5 {An attempt to win by force,
but it seems that there was an alternative way to gain the upperhand. The move
in the game did get praised by Magnus Carlsen on Twitter. #lol} (24... Ba6 $1
25. Nb2 (25. Nxe5 {is interesting, but loses by force to a long but pretty
variation.} Bxe2 26. Nxd7 Bxd1 27. Nd4 Qxd7 28. Nf5+ Qxf5 29. exf5 Rh5 30. Qe3
Re8 31. Qf2 Bxf3 $1 {the 'long variation, wrong variation' quote is really
from the past.}) 25... Bxe2 26. Rxe2 h3 $5 27. g3 a5 $1 {Breaking white's
position apart, without any complications.}) 25. Nd6 $1 {White fights back. I
must have underestimated some of the consequences here.} (25. Nca5 Qb6+ $1 {
and Rh5 trapping the queen is the point of my 'antipositional' b5 move.}) (25.
Rxd7 Nxd7 26. Rxd7 Qxd7 {is flashy, but doesn't bring white much.}) 25... Rh5 (
{I didn't inverse the move order, because of} 25... cxd6 26. Rxd6 Rh5 27. Qd2
$5 ({or} 27. Qxh5 $5)) 26. Qe3 cxd6 27. Rxd6 $2 (27. Na5 $1 {was a very clever
intermezzo missed by my opponent. He'd get a much better version of the game
and the counterplay would have been enough here to stay afloat.}) 27... Qe7 {
Now though Na5 is met with Nf8! and it's really not the same anymore.} 28. Bxb5
Nf8 29. Nc5 $2 {To be honest it was not entirely clear to me at first, what
was going on, but eventually I figured out that I should just start a kingside
attack. White doesn't have any real threats yet and his queenside play is too
slow.} (29. Na5 $1 {would give white much more play, but here too Black is for
choice.} a6 $5 (29... Bc8 30. Bc6 Rb8 31. Ba4 Rb6 32. Rxb6 axb6 33. Qxb6 Ne6 (
33... N6h7 34. Qc5 Qg5 {Black is going to have all the fun, but white can
defend here-} 35. Nc4 $1) 34. Nc6 Qe8 {and Black is certainly for choice, but
white keeps fighting here-} 35. Bb3 h3 36. g3 Bd7 37. Rd6 Ng5 38. Bd1 {etc.})
30. Bc4 Rc8 (30... Bc8 31. Qb6 $1) 31. Rb6 Rc7 32. h3 {the machines may hold
this position, but they do admit that Black is for choice. It is always more
fun to play against the king.}) 29... Rb8 30. a4 Rh8 $1 {Introducing the idea
of Nh5-Nf4. Things went surprisingly well, surprisingly fast here.} 31. Bc4 Bc8
32. a5 Nh5 33. Bf1 {White is struggling to come up with any real counterplay.
Knight on c5 was an empty shot, in hindsight. White can't attack anything on
the queenside to distract Black from launching the kingside attack.} Nf4 34.
Kh1 {Now there are many ways to do it, N8e6 was one of the moves I had planned,
but now that the king is on h1 is seemed tempting to bring the second knight
in and go for an old-fashioned checkmate.} Nh7 $5 35. b5 Nf6 36. Kg1 N6h5 {
When they say it takes two to tango, I am not sure that this is what they mean,
but two knights are about to do some good things here.} 37. Kf2 Qg5 38. Qd2 Ng3
$1 {One of the shots. To be honest when all pieces gather around the king,
often it is just a matter of launching some sort of a blow. 38...h3!? 39.g3
Nxg3 was another way to do it.} 39. hxg3 hxg3+ {Qxg3 and h3 was also doing it.}
40. Ke3 (40. Ke1 {I expected this one, to be honest, when Rh1 threatening
Nxg2+ would win on the spot, but I found the following line quite pretty as
well-} Rxb5 $5 41. Bxb5 Rh1+ 42. Bf1 Nxg2+ 43. Qxg2 Qe3+ 44. Qe2 g2 $1) 40...
Rh2 41. Qc1 Bh3 $1 {Everything won, but this is the most efficient. Black is
going to cash in on all the x-rays real bad and so White had no choice but to
resign here.} 0-1

[Event "El Prat de Llobregat op-A 1st"]
[Site "El Prat de Llobregat"]
[Date "2019.12.03"]
[Round "1"]
[White "Pratyusha, Bodda"]
[Black "Girish, A Koushnik"]
[Result "0-1"]
[WhiteElo "2253"]
[BlackElo "2506"]
[PlyCount "102"]
[EventDate "2019.12.03"]
[EventType "swiss"]
[EventRounds "9"]
[EventCountry "ESP"]
[SourceTitle "CBM 193 Extra"]
[Source "ChessBase"]
[SourceDate "2020.01.31"]
[SourceVersion "1"]
[SourceVersionDate "2020.01.31"]
[SourceQuality "1"]

1. d4 Nf6 2. c4 e6 3. Nc3 Bb4 4. e3 O-O 5. Bd2 d5 6. Nf3 b6 7. cxd5 exd5 8. Bd3
Bb7 9. O-O a6 10. Ne5 Be7 11. Qf3 c5 12. Qh3 Nc6 13. Nd7 g6 14. Nxf8 Bc8 15.
Qg3 Bxf8 16. f4 cxd4 17. exd4 Nxd4 18. f5 Nh5 19. Qe5 Nxf5 20. Bxf5 Bxf5 21.
Rxf5 gxf5 22. Nxd5 Bg7 23. Qxf5 Nf6 24. Nxf6+ Qxf6 25. Qxf6 Bxf6 26. Bc3 Bxc3
27. bxc3 Rc8 28. Rc1 b5 29. Kf2 Rc4 30. Ke3 Kg7 31. Kd3 Rh4 32. h3 Ra4 33. Rc2
h5 34. g3 Kg6 35. Rf2 f5 36. h4 Kf6 37. Re2 Rg4 38. Re3 f4 39. gxf4 Rxf4 40.
Kc2 Rxh4 41. Rd3 Ra4 42. Kb3 h4 43. Rd6+ Kg5 44. c4 Rxc4 45. Rxa6 h3 46. Rb6
Rc5 47. Rb8 Kh4 48. Rh8+ Rh5 49. Rd8 h2 50. Rd1 Rg5 51. Rd4+ Kh3 0-1

[Event "El Prat de Llobregat op-A 1st"]
[Site "El Prat de Llobregat"]
[Date "2019.12.06"]
[Round "4"]
[White "Girish, A Koushnik"]
[Black "Mendonca, Leon Luke"]
[Result "1/2-1/2"]
[WhiteElo "2506"]
[BlackElo "2398"]
[PlyCount "192"]
[EventDate "2019.12.03"]
[EventType "swiss"]
[EventRounds "9"]
[EventCountry "ESP"]
[SourceTitle "CBM 193 Extra"]
[Source "ChessBase"]
[SourceDate "2020.01.31"]
[SourceVersion "1"]
[SourceVersionDate "2020.01.31"]
[SourceQuality "1"]

1. Nf3 Nf6 2. c4 e6 3. d4 b6 4. a3 Bb7 5. Nc3 d5 6. Qc2 dxc4 7. e4 c5 8. dxc5
Bxc5 9. Bxc4 Nbd7 10. O-O O-O 11. Bg5 Qc7 12. Qe2 Ne5 13. Ba2 Nxf3+ 14. Qxf3
Bd4 15. Rac1 Qe5 16. Bf4 Qa5 17. Bb1 Rac8 18. Bd2 Rfd8 19. Rcd1 Qh5 20. Qxh5
Nxh5 21. Bg5 Bf6 22. Bxf6 Nxf6 23. f3 Nd7 24. Kf2 g5 25. Bd3 Ne5 26. Be2 Rxd1
27. Rxd1 Kf8 28. g3 Ke7 29. Ke3 Nc4+ 30. Bxc4 Rxc4 31. Rd4 Rc5 32. Ra4 a6 33.
Rb4 b5 34. Rd4 h6 35. Kd2 f5 36. b4 Rc8 37. exf5 Bxf3 38. Rd3 Bg2 39. Re3 Rc6
40. Ne2 Rd6+ 41. Kc3 Kf6 42. fxe6 Rxe6 43. Rxe6+ Kxe6 44. Nd4+ Ke5 45. Nb3 Kf5
46. Kd4 Kg4 47. Ke3 Kh3 48. Kf2 Kxh2 49. Nc5 Bc6 50. Ne6 Bd7 51. Nc5 Bc6 52.
Ne6 Bd7 53. Nc5 Bc8 54. Ne4 Bf5 55. Nf6 Be6 56. Ne4 Kh3 57. Nf6 Bc4 58. Ne4 Bd5
59. Nf6 Be6 60. Ne4 Kg4 61. Nc5 Bc8 62. Ne4 Bb7 63. Nc5 Bc8 64. Ne4 Bf5 65. Nc5
Bc8 66. Ne4 Kh5 67. Ke3 Kg4 68. Kf2 Kh5 69. Ke3 Kg6 70. Kd4 h5 71. Ke5 h4 72.
gxh4 gxh4 73. Kf4 h3 74. Kg3 Kg7 75. Kh2 Kf8 76. Nc3 Bd7 77. Nd5 Kf7 78. Kg3
Bc8 79. Nc3 Bd7 80. Nd5 Kg6 81. Nb6 Bc6 82. Kxh3 Kf5 83. Kg3 Ke5 84. Kf2 Kd6
85. a4 bxa4 86. Ke3 Bb5 87. Nxa4 Bxa4 88. Kd4 Bb5 89. Kc3 Kd5 90. Kb3 Kd4 91.
Kb2 Kc4 92. Ka2 Kc3 93. Ka1 Kb3 94. Kb1 Ka3 95. Ka1 Bd3 96. b5 axb5 1/2-1/2

[Event "El Prat de Llobregat op-A 1st"]
[Site "El Prat de Llobregat"]
[Date "2019.12.09"]
[Round "7"]
[White "Verstraeten, Reinaert"]
[Black "Girish, A Koushnik"]
[Result "1-0"]
[WhiteElo "2365"]
[BlackElo "2506"]
[PlyCount "163"]
[EventDate "2019.12.03"]
[EventType "swiss"]
[EventRounds "9"]
[EventCountry "ESP"]
[SourceTitle "CBM 193 Extra"]
[Source "ChessBase"]
[SourceDate "2020.01.31"]
[SourceVersion "1"]
[SourceVersionDate "2020.01.31"]
[SourceQuality "1"]

1. d4 Nf6 2. c4 e6 3. Nf3 d5 4. g3 Bb4+ 5. Bd2 Be7 6. Bg2 O-O 7. O-O c6 8. Qc2
Nbd7 9. Rd1 Ne4 10. Bf4 g5 11. Bc1 f5 12. Nc3 Bf6 13. b3 Qe7 14. Bb2 Qg7 15. e3
Rf7 16. a4 a5 17. Ne2 h5 18. Nc1 h4 19. Nd3 hxg3 20. hxg3 Qh6 21. Kf1 g4 22.
Nfe5 Nxe5 23. dxe5 Bg5 24. Ke2 Qh2 25. Rg1 b6 26. Kf1 Ba6 27. Rh1 Nxg3+ 28.
fxg3 Qxg3 29. Qf2 Qxe3 30. Qxe3 Bxe3 31. Ke2 f4 32. Rh4 Rg7 33. Rah1 Rf8 34.
cxd5 cxd5 35. Bxd5 Kf7 36. Bc4 Bxc4 37. bxc4 g3 38. Nxf4 g2 39. Kxe3 gxh1=Q 40.
Rxh1 Rc8 41. Nh5 Rg2 42. Rf1+ Kg8 43. Ba3 Rh2 44. Nf6+ Kh8 45. Kd4 Rc2 46. Kd3
R2xc4 47. Rh1+ Kg7 48. Rg1+ Kh8 49. Rh1+ Kg7 50. Rg1+ Kh8 51. Rg8+ Rxg8 52.
Kxc4 Rg1 53. Nd7 Rb1 54. Bd6 Kg7 55. Kd3 Kg6 56. Kc2 Rh1 57. Nxb6 Kf5 58. Nc4
Ke4 59. Nxa5 Kd5 60. Nb3 Rh3 61. Nd2 Kc6 62. Bb4 Re3 63. Bc3 Kc5 64. Kb3 Rh3
65. Ne4+ Kd5 66. Nf6+ Kc5 67. Ne8 Rh8 68. Nc7 Rb8+ 69. Nb5 Rc8 70. Bb4+ Kd5 71.
Bd6 Rc1 72. Nc7+ Kc6 73. Nxe6 Rb1+ 74. Kc4 Rc1+ 75. Kb4 Rb1+ 76. Ka5 Kd5 77.
Nc7+ Kc6 78. Nb5 Re1 79. Nd4+ Kd5 80. Nc2 Re2 81. Nb4+ Kc4 82. Kb6 1-0

[Event "El Prat de Llobregat op-A 1st"]
[Site "El Prat de Llobregat"]
[Date "2019.12.11"]
[Round "9"]
[White "Dhulipalla, Bala Chandra Prasad"]
[Black "Girish, A Koushnik"]
[Result "1-0"]
[WhiteElo "2414"]
[BlackElo "2506"]
[PlyCount "145"]
[EventDate "2019.12.03"]
[EventType "swiss"]
[EventRounds "9"]
[EventCountry "ESP"]
[SourceTitle "CBM 193 Extra"]
[Source "ChessBase"]
[SourceDate "2020.01.31"]
[SourceVersion "1"]
[SourceVersionDate "2020.01.31"]
[SourceQuality "1"]

1. c4 e6 2. g3 d5 3. Nf3 Nf6 4. Bg2 Be7 5. O-O O-O 6. b3 c5 7. e3 Nc6 8. Bb2 d4
9. exd4 cxd4 10. Re1 Bc5 11. d3 Re8 12. Ne5 Nxe5 13. Rxe5 Nd7 14. Re2 e5 15.
Nd2 Nf6 16. Qe1 Qc7 17. Nf3 Bg4 18. h3 Bxf3 19. Bxf3 a5 20. a3 Qd6 21. Bc1 h6
22. Bg2 Re7 23. Bd2 Rae8 24. b4 Ba7 25. bxa5 e4 26. Bb4 Bc5 27. Bxc5 Qxc5 28.
Qb4 Qc7 29. dxe4 d3 30. Re3 Nxe4 31. Rxd3 Nc5 32. Rd2 Ra8 33. Rad1 Qxa5 34. Rd5
Qxb4 35. axb4 Ne6 36. Rd7 Rxd7 37. Rxd7 Ra1+ 38. Kh2 b6 39. Rd6 Ra2 40. Kg1
Ra1+ 41. Bf1 b5 42. cxb5 Rb1 43. b6 Rxb4 44. Bg2 Kf8 45. b7 Ke7 46. Rc6 Nf8 47.
Rc8 Nd7 48. Bc6 Ne5 49. Re8+ Kd6 50. b8=Q+ Rxb8 51. Rxb8 Nxc6 52. Rh8 Ke7 53.
Ra8 h5 54. Kg2 Nd4 55. Ra4 Ne6 56. Ra5 g6 57. Kf3 Kf6 58. Ke3 Ng5 59. h4 Ne6
60. Ke4 Nc7 61. Rc5 Ne6 62. Rc6 Kg7 63. Ke5 Nf8 64. Rd6 Nh7 65. Ra6 Nf8 66. Rd6
Nh7 67. f4 Nf8 68. f5 f6+ 69. Kf4 Nh7 70. Rd7+ Kh6 71. Rf7 g5+ 72. Ke3 g4 73.
Ke4 1-0

[Event "Krakow op-A 30th"]
[Site "Krakow"]
[Date "2019.12.28"]
[Round "2"]
[White "Girish, A Koushnik"]
[Black "Marszalek, Maciej"]
[Result "1-0"]
[WhiteElo "2506"]
[BlackElo "2314"]
[PlyCount "175"]
[EventDate "2019.12.27"]
[EventType "swiss"]
[EventRounds "9"]
[EventCountry "POL"]
[SourceTitle "CBM 194 Extra"]
[Source "ChessBase"]
[SourceDate "2020.03.31"]
[SourceVersion "1"]
[SourceVersionDate "2020.03.31"]
[SourceQuality "1"]

1. d4 e6 2. c4 Nf6 3. Nf3 c5 4. d5 exd5 5. cxd5 d6 6. Nc3 g6 7. Bf4 Bg7 8. Qa4+
Bd7 9. Qb3 Qc7 10. h3 O-O 11. e3 Na6 12. Be2 Rab8 13. O-O Rfe8 14. Nb5 Bxb5 15.
Bxb5 Re4 16. a3 c4 17. Qc2 Qc5 18. Bxa6 bxa6 19. Nd2 Rxf4 20. exf4 Nxd5 21.
Qxc4 Bxb2 22. Rab1 Nc3 23. Qxc5 dxc5 24. Rbe1 Bxa3 25. Nc4 Bb4 26. Re7 Nd5 27.
Rxa7 Nxf4 28. Rd1 Ne2+ 29. Kf1 Nd4 30. Rxa6 Re8 31. Ra7 Re6 32. Rb7 Bc3 33. g3
h5 34. h4 Nf5 35. Rdd7 Rf6 36. Kg2 Bd4 37. Rb6 Kg7 38. Rxf6 Kxf6 39. Kf3 Ke6
40. Rd8 Nh6 41. Ke2 Ng4 42. f3 Nh6 43. Ne3 Nf5 44. Nxf5 Kxf5 45. Rc8 Ke6 46. g4
Kf6 47. gxh5 gxh5 48. Rg8 c4 49. Rg5 c3 50. Kd3 Bf2 51. Rxh5 Be1 52. Ke4 c2 53.
Rc5 Bxh4 54. Rxc2 Kg6 55. Rg2+ Kf6 56. Kf4 Be1 57. Ra2 Kg6 58. Ra6+ Kg7 59. Kf5
Bc3 60. f4 Bd4 61. Ra3 Bb2 62. Rg3+ Kf8 63. Rg2 Bc3 64. Kg5 Kg7 65. f5 Bf6+ 66.
Kh5+ Kh7 67. Rg4 Bd8 68. Rd4 Bf6 69. Rd1 Kg7 70. Rg1+ Kh7 71. Kg4 Kg7 72. Rg2
Be5 73. Kg5 Bf6+ 74. Kf4+ Kf8 75. Rg1 Bd8 76. Ke4 Bf6 77. Kd5 Bb2 78. Kd6 Ba3+
79. Kd7 Bb2 80. Rb1 Bc3 81. Rb6 Bd4 82. Rc6 Kg7 83. Ke8 Be5 84. Rb6 f6 85. Rb7+
Kh6 86. Kf7 Bc3 87. Ke6 Bd4 88. Rf7 1-0

[Event "Krakow op-A 30th"]
[Site "Krakow"]
[Date "2019.12.29"]
[Round "4"]
[White "Girish, A Koushnik"]
[Black "Vetoshko, Volodymyr"]
[Result "1/2-1/2"]
[WhiteElo "2506"]
[BlackElo "2511"]
[PlyCount "20"]
[EventDate "2019.12.27"]
[EventType "swiss"]
[EventRounds "9"]
[EventCountry "POL"]
[SourceTitle "CBM 194 Extra"]
[Source "ChessBase"]
[SourceDate "2020.03.31"]
[SourceVersion "1"]
[SourceVersionDate "2020.03.31"]
[SourceQuality "1"]

1. Nf3 d5 2. c4 e6 3. d4 a6 4. cxd5 exd5 5. Nc3 Nf6 6. Bg5 Be6 7. e3 Nbd7 8.
Bd3 Bd6 9. O-O c6 10. Qc2 Qc7 1/2-1/2

[Event "Krakow op-A 30th"]
[Site "Krakow"]
[Date "2020.01.04"]
[Round "9"]
[White "Girish, A Koushnik"]
[Black "Tomczak, Jacek"]
[Result "0-1"]
[WhiteElo "2506"]
[BlackElo "2605"]
[PlyCount "142"]
[EventDate "2019.12.27"]
[EventType "swiss"]
[EventRounds "9"]
[EventCountry "POL"]
[SourceTitle "CBM 194 Extra"]
[Source "ChessBase"]
[SourceDate "2020.03.31"]
[SourceVersion "1"]
[SourceVersionDate "2020.03.31"]
[SourceQuality "1"]

1. d4 Nf6 2. c4 g6 3. f3 e6 4. e4 d5 5. cxd5 exd5 6. e5 Nh5 7. Be3 Be7 8. Nc3
O-O 9. Qd2 c5 10. dxc5 Be6 11. Bb5 Qc7 12. Nge2 Bxc5 13. Rc1 Bxe3 14. Qxe3 Nc6
15. Bxc6 bxc6 16. b3 Ng7 17. f4 f6 18. exf6 Rxf6 19. O-O Qb6 20. Qf2 Bg4 21.
Nd4 Nf5 22. Nxf5 Bxf5 23. Na4 Qxf2+ 24. Rxf2 Re6 25. Nc5 Re3 26. h3 Rae8 27. g4
Bc8 28. Kg2 h5 29. f5 gxf5 30. gxf5 R8e5 31. Rcf1 Kf7 32. h4 Kf6 33. Rf4 Rc3
34. Ne6 Re2+ 35. R1f2 Rxf2+ 36. Kxf2 Rc2+ 37. Ke3 Rxa2 38. Nc5 Bxf5 39. Kd4
Rd2+ 40. Kc3 Rc2+ 41. Kd4 Rd2+ 42. Kc3 Rd1 43. Ra4 Ke5 44. Rxa7 Rh1 45. Ra6
Rh3+ 46. Kb2 Kd6 47. Nb7+ Kc7 48. Na5 Bd7 49. b4 Rxh4 50. Kc3 Rf4 51. Ra7+ Kd6
52. Nb7+ Ke5 53. Nc5 Bf5 54. Re7+ Kd6 55. Rf7 d4+ 56. Kd2 Kd5 57. Rf6 Rf2+ 58.
Ke1 Rf3 59. Ke2 Re3+ 60. Kd2 Bg4 61. Nd3 Rf3 62. Rh6 Bf5 63. Nc5 Rf2+ 64. Ke1
Rh2 65. Rf6 Bg4 66. Nd3 Re2+ 67. Kf1 Re3 68. Nf2 d3 69. Rf8 Kc4 70. Rf6 Bf3 71.
Rd6 Kc3 0-1

[Event "Giri-Van Foreest m"]
[Site "chess24.com INT"]
[Date "2020.04.13"]
[Round "1"]
[White "Giri, Anish"]
[Black "Van Foreest, Jorden"]
[Result "0-1"]
[WhiteElo "2764"]
[BlackElo "2682"]
[PlyCount "116"]
[EventDate "2020.04.13"]
[EventType "match (rapid)"]
[EventRounds "4"]
[EventCountry "USA"]
[SourceTitle "CBM 195 Extra"]
[Source "ChessBase"]
[SourceDate "2020.05.31"]
[SourceVersion "1"]
[SourceVersionDate "2020.05.31"]
[SourceQuality "1"]

1. d4 Nf6 2. c4 e6 3. Nf3 d5 4. g3 Bb4+ 5. Bd2 Be7 6. Bg2 O-O 7. O-O c6 8. Qc2
b6 9. Bf4 Nbd7 10. Nbd2 Nh5 11. e3 Bb7 12. cxd5 Nxf4 13. exf4 cxd5 14. Rfc1 Rc8
15. Qd1 Rxc1 16. Rxc1 Qb8 17. Bf1 Rc8 18. Bb5 Rxc1 19. Qxc1 Qc8 20. Qxc8+ Bxc8
21. Kf1 Kf8 22. Ke2 Bd6 23. Ne5 Nb8 24. a3 a6 25. Bd3 g6 26. h4 f6 27. Nef3 Nc6
28. b4 Kg7 29. Nf1 Ne7 30. Ne3 a5 31. Nc2 axb4 32. Nxb4 Bxb4 33. axb4 Nc6 34.
Bb5 Nxb4 35. Kd2 Ba6 36. Ba4 Nd3 37. Ke3 Nb2 38. Bb3 Bc4 39. Bc2 b5 40. Kd2 Na4
41. g4 Nb6 42. Kc3 Be2 43. Nh2 Nc4 44. g5 h6 45. Kb4 Nd6 46. Kc3 Nf7 47. Kd2
Bh5 48. Bd3 b4 49. gxf6+ Kxf6 50. Nf1 Nd6 51. Ne3 Bf3 52. Bc2 Be4 53. Bd1 h5
54. f3 Bb1 55. Bb3 Nb5 56. Bxd5 exd5 57. Nxd5+ Kf7 58. Nxb4 Nxd4 0-1

[Event "Giri-Van Foreest m"]
[Site "chess24.com INT"]
[Date "2020.04.13"]
[Round "2"]
[White "Van Foreest, Jorden"]
[Black "Giri, Anish"]
[Result "1/2-1/2"]
[WhiteElo "2682"]
[BlackElo "2764"]
[PlyCount "71"]
[EventDate "2020.04.13"]
[EventType "match (rapid)"]
[EventRounds "4"]
[EventCountry "USA"]
[SourceTitle "CBM 195 Extra"]
[Source "ChessBase"]
[SourceDate "2020.05.31"]
[SourceVersion "1"]
[SourceVersionDate "2020.05.31"]
[SourceQuality "1"]

1. c4 Nf6 2. g3 c6 3. Nf3 d5 4. Bg2 dxc4 5. O-O Nbd7 6. a4 a5 7. Na3 Nb6 8. Qc2
g6 9. Nxc4 Nxc4 10. Qxc4 Bg7 11. d4 O-O 12. Bd2 Bf5 13. Qb3 Be4 14. Rfd1 Qc8
15. Ne5 Bxg2 16. Kxg2 Ng4 17. Bc3 Bxe5 18. dxe5 Qf5 19. Bd4 Nxe5 20. Qxb7 Qe4+
21. Kg1 Qxe2 22. Bxe5 Qxe5 23. Re1 Qf6 24. Qxe7 Qxb2 25. Rac1 Qb4 26. Qxb4 axb4
27. Rxc6 Rfb8 28. Rb1 Rxa4 29. Rc4 h5 30. h4 Rb7 31. Kg2 Kf8 32. Re4 Rb6 33.
Rb2 f5 34. Rd4 Ke7 35. f4 Kf6 36. Kh2 1/2-1/2

[Event "Giri-Van Foreest m"]
[Site "chess24.com INT"]
[Date "2020.04.13"]
[Round "3"]
[White "Giri, Anish"]
[Black "Van Foreest, Jorden"]
[Result "1/2-1/2"]
[WhiteElo "2764"]
[BlackElo "2682"]
[PlyCount "80"]
[EventDate "2020.04.13"]
[EventType "match (rapid)"]
[EventRounds "4"]
[EventCountry "USA"]
[SourceTitle "CBM 195 Extra"]
[Source "ChessBase"]
[SourceDate "2020.05.31"]
[SourceVersion "1"]
[SourceVersionDate "2020.05.31"]
[SourceQuality "1"]

1. d4 d5 2. c4 c6 3. Nf3 Nf6 4. Nc3 dxc4 5. a4 e6 6. e3 c5 7. Bxc4 Nc6 8. O-O
Be7 9. Qe2 O-O 10. Rd1 Bd7 11. e4 cxd4 12. Nxd4 Nxd4 13. Rxd4 Qb6 14. Rd1 Bc6
15. Bg5 h6 16. Bh4 Rfe8 17. e5 Nd7 18. Bg3 Red8 19. Nb5 Bxb5 20. axb5 Nf8 21.
h4 Ng6 22. Qe4 Bc5 23. h5 Ne7 24. Bh4 Rxd1+ 25. Rxd1 Nf5 26. Rd7 Nxh4 27. Qxh4
Qa5 28. Rd1 Qb6 29. b3 a6 30. bxa6 bxa6 31. Rd7 Qc6 32. Rd3 Qc7 33. Qe4 Rd8 34.
Bxa6 Qb6 35. Rxd8+ Qxd8 36. Qe2 Qd4 37. Bd3 Qf4 38. Kf1 Bd4 39. g3 Qxe5 40.
Qxe5 Bxe5 1/2-1/2

[Event "Giri-Van Foreest m"]
[Site "chess24.com INT"]
[Date "2020.04.13"]
[Round "4"]
[White "Van Foreest, Jorden"]
[Black "Giri, Anish"]
[Result "1-0"]
[WhiteElo "2682"]
[BlackElo "2764"]
[PlyCount "71"]
[EventDate "2020.04.13"]
[EventType "match (rapid)"]
[EventRounds "4"]
[EventCountry "USA"]
[SourceTitle "CBM 195 Extra"]
[Source "ChessBase"]
[SourceDate "2020.05.31"]
[SourceVersion "1"]
[SourceVersionDate "2020.05.31"]
[SourceQuality "1"]

1. c4 e5 2. Nf3 e4 3. Nd4 Nc6 4. e3 Nf6 5. Nc3 Bb4 6. Qb3 Nxd4 7. exd4 a5 8. a3
Bxc3 9. dxc3 a4 10. Qc2 h6 11. Be2 d6 12. h3 Bf5 13. Be3 Bg6 14. g4 Qe7 15.
O-O-O b6 16. h4 h5 17. gxh5 Bxh5 18. Rdg1 Bxe2 19. Qxe2 Nh5 20. c5 bxc5 21.
dxc5 d5 22. Rg5 g6 23. Rxd5 c6 24. Rd6 O-O 25. Qxh5 Qxd6 26. Qh6 Qe7 27. Bd4 f6
28. Rg1 Kf7 29. Qxg6+ Ke6 30. Re1 Kd7 31. Rxe4 Qf7 32. Qf5+ Kc7 33. Be3 Qd7 34.
Qf4+ Kc8 35. Rd4 Qd6 36. Qxd6 1-0